| 000 | 00660nam a2200193 i 4500 | ||
|---|---|---|---|
| 001 | 70303 | ||
| 003 | ES-MaACL | ||
| 005 | 20230906170800.0 | ||
| 007 | t| | ||
| 008 | 040721s1954 dr |||| | spa d | ||
| 100 | 1 |
_aGarcía-Rodríguez, José María. _9163049 |
|
| 245 | 1 | 0 |
_aZombi _b: (drama) ; Las aflicciones estériles : (comedia dramática) ; ¡Ya viene el general Campuzano! : (drama) / _cJosé María García-Rodríguez. |
| 260 |
_a[Ciudad Trujillo : _bMontalvo, _c1954] |
||
| 300 |
_a155 p. ; _c23 cm. |
||
| 597 | _aEjemp. falto de port. | ||
| 740 | 4 | 2 | _aLas aflicciones estériles. |
| 740 | 1 | 2 | _a¡Ya viene el general! |
| 852 |
_aES-MaACL _jC-8727 |
||
| 999 |
_c70303 _d70303 |
||